00282nam a22001097a 450000500170000002000180001710000190003524500480005426000330010230000130013565000240014820260216152034.0 a9781639874750 aFinley , Jaron aRecent advances in condensed matter physics aUSA:bMurphy & Moore,c2022. avi,230p. aSolid state physics